000 00847nam a2200313Ia 4500
008 170203s9999 xx 000 0 und d
020 _a9780060823283
050 _aFic
050 _bL825m
100 _aLoehr, Patrick.
245 _aMucumber McGee and the half- eaten hotdog /
245 _cwritten and illustrated by Patrick Loehr.
260 _aNew York :
260 _bKatherine Tegen Books,
260 _c2007
300 _a 1 volume (unpaged) :
300 _bcolor illustrations ;
300 _c29 cm
650 _aBrothers and sisters --
650 _aFrankfurters --
650 _aHunger --
650 _aHunger --
650 _aStories in rhyme --
650 _xFiction.
650 _xJuvenile fiction.
650 _xJuvenile fiction.
650 _xJuvenile fiction.
650 _xJuvenile fiction.
999 _c306316
_d306316